00488nam a22002057a 450000500170000001000130001702000220003003500130005203700160006504000120008108200150009311000110010824500270011924600060014626000250015227000410017730000190021865000310023765000140026820170124110251.0 aA-118235 c00.00a9231018892 aA-118235 bCen Lib/Ret aDPLbEN a655.6bUNE aUNESCO aThe ABC of copyright / b  aParis bUnescoc1981 bParis a7 place de Fontenoy e75700 a73p.c22cm(Hb) aCopyright, International.  aCopyright